TOUS les jeux vidéo Harry Potter existants - Statistiques

Statistiques générales
  • Ce quiz a été pris 7 fois
  • Le résultat moyen est 9 sur 25
Statistiques - réponses
Année de sortie Plateformes Jeu % Correct
2001 PlayStation, PlayStation 2, Xbox, GameCube, Microsoft Windows, MacOS, Game Boy Color, Game Boy Advance Harry Potter à l'école des sorciers
86%
2002 PlayStation, PlayStation 2, Xbox, GameCube, Microsoft Windows, MacOS, Game Boy Color, Game Boy Advance Harry Potter et la Chambre des secrets
86%
2023 PC, PlayStation 5, Xbox Series, PlayStation 4, Xbox One, Nintendo Switch Hogwarts Legacy : L'Héritage de Poudlard
86%
2005 PlayStation 2, Xbox, GameCube, Microsoft Windows, Game Boy Advance, Nintendo DS, PlayStation Portable Harry Potter et la Coupe de feu
57%
2009 PlayStation 2, PlayStation 3, Xbox 360, Wii, Microsoft Windows, MacOS, Nintendo DS, PlayStation Portable, Jeu mobile Harry Potter et le Prince de sang-mêlé
57%
2004 PlayStation 2, Xbox, GameCube, Microsoft Windows, Game Boy Advance Harry Potter et le Prisonnier d'Azkaban
57%
2010 PlayStation 3, Xbox 360, Wii, Microsoft Windows, Nintendo DS Harry Potter et les Reliques de la Mort, partie 1
57%
2011 PlayStation 3, Xbox 360, Wii, Microsoft Windows, Nintendo DS Harry Potter et les Reliques de la Mort, partie 2
57%
2007 PlayStation 2, PlayStation 3, Xbox 360, Wii, Microsoft Windows, MacOS, Game Boy Advance, Nintendo DS, PlayStation Portable Harry Potter et l'Ordre du Phénix
57%
2010 Windows, MacOS, PSP, PS Vita, Playstation 3, Xbox 360, Nintendo DS, Wii, Jeu mobile Lego Harry Potter : Années 1 à 4
43%
2011 Windows, MacOS, PSP, PS Vita, Playstation 3, Xbox 360, Nintendo DS, Nintendo 3DS, Wii, Jeu mobile Lego Harry Potter : Années 5 à 7
43%
2003 PC, Gamecube, Playstation 2, Xbox, Game Boy Advance Harry Potter : Coupe du monde de quidditch
29%
2018 Jeu mobile Harry Potter : Secret à Poudlard
29%
2020 Jeu mobile Harry Potter : Énigmes et sorts
14%
2005 Jeu mobile Harry Potter: Find Scabbers
14%
2022 Jeu mobile Harry Potter : La Magie émerge
14%
2008 Jeu mobile Harry Potter: Mastering Magic
14%
2012 Xbosx 360 Harry Potter pour Kinect
14%
2024 PC, Playstation 5, Xbox Series, Nintendo Switch, Playstation 4 Harry Potter : Quidditch Champions
14%
2009 Jeu mobile Harry Potter: Spells
14%
2019 Jeu mobile Harry Potter: Wizards Unite
14%
2001 Microsoft Windows Lego Creator Harry Potter
14%
2002 Microsoft Windows Lego Creator : Harry Potter et la Chambre des secrets
14%
2013 Playstation 3 Wonderbook: Book of Potions
14%
2012 Playstation 3 Wonderbook: Book of Spells
14%
Aucun quiz correspondant
Distribution des résultats
% des personnes avec chaque résultat
Percentile par nombre de réponses
Votre historique - résultats
Vous n’avez pas pris ce quiz